000 00738nam a22002177a 4500
003 UA-OsUOA
001 137385
007 ta
008 20190515b un ||||| |||| 00| 0 ukr d
090 _a94(477).075
_bМ34
942 _cBK
040 _aUA-OsUOA
_bukr
_cUA-OsUOA
_dUA-OsUOA
245 _aМатеріали Міжнародної конференції "Штучні голоди в Україні ХХ століття"
_bзбірка матеріалів (Київ, 16 травня 2018 року)
300 _a368 с.
955 _a1
041 _aukr
080 _a94(477).075
260 _aК.-Дрогобич
_bКоло
_c2018
650 7 _a9 Географія. Біографії. Історія
_2UDC
999 _c420451
_d420451